Top Origin Countries for Dog Breeds - Statistics

General Stats
  • This quiz has been taken 63 times
  • The average score is 13 of 16
Answer Stats
# Breeds Country % Correct
13 United Kingdom
95%
42 Germany
93%
48 United States
93%
21 Italy
89%
59 France
88%
22 Russia
86%
13 Japan
82%
12 Spain
81%
12 Ireland
75%
19 India
74%
11 Australia
72%
11 Netherlands
72%
10 Belgium
67%
11 Portugal
67%
13 Switzerland
67%
12 Sweden
65%
No matching quizzes found
Score Distribution
Percent of People with Each Score
Percentile by Number Answered
Your Score History
You have not taken this quiz